Регионална библиотека "Любен Каравелов" - Русе

Любов във високата трева (Запис номер 501184)

MARC детайли
000 -Лидер
Лидер 01326nam a2200301 a 4500
003 - Код на организацията, давaща контролен номер
Код на организацията, даваща контролен номер BLK
005 - Дата и час на последна редакция
Дата и час на последна редакция 20250714142654.0
008 - Елементи от данни с фиксирана дължина
Елементи с фиксирана дължина 200305b bu ||||| |||||||| ||bu d
020 ## - Международен стандартен номер на книга ISBN
ISBN 9786197670387
040 ## - Източник на каталожния запис
Код на библиотеката BLK
041 ## - Код за език
Език Български
Език за КДБФ Български
080 ## - УДК
УДК текст Ирландска литература (на Ейре) на английски език (вж и 821.152.1)
УДК код 821.111(417)
УДК – определител -32
УДК – код + определител 821.111(417)-32
100 1# - Редна дума - Автор
R(LIN) 78553
Автор Кийган, Клеър
245 ## - Сведения за заглавието
Заглавие Любов във високата трева
Подзаглавни данни разкази
Авторска отговорност Клер Киган ; прев. от англ. Радостин Желев
257 ## - Страна на издаване
Страна на създаване/издаване България
260 ## - Област на издателските данни
9 (RLIN) 210561
Място на издаване София
Име на издателя Лабиринт
Година на издаване 2023
Печатница (София : Симолини 94)
300 ## - Физическа характеристика
Брой страници 196 с.
Размер 20 см
380 ## - Жанр
Жанр Худож. лит.
500 ## - Общи забележки
Обща забележка Ориг. загл. Antarctica / Clare Keegan. - Възприетата форма на името на авт. Клер Киган е Клеър Кийган
700 ## - Други автори (авторска отговорност)
Друг автор Желев, Радостин Маринов
Дати, свързани с автора 1973-
Авт. отговорност на др. автор прев. от англ.
9 (RLIN) 394330
852 ## - Местоположение
Отдел Заемна - подръчен фонд
Систематично-азбучна сигнатура 821-32/К 53 К
852 ## - Местоположение
Сигнатура (форматна) Цб 322970
Отдел Хранилище
856 ## - Електронен адрес и достъп
Инструкция (цена за достъп) 0.00
Права за достъп disable
942 ## - АРТИКУЛИ
Вид на библиотечния документ Книги
Скрит в OPAC Не
Koha issues (borrowed), all copies 14
944 ## - СЪЗДАВАНЕ И РЕДАКЦИЯ на ЗАПИСА
Дата на регистрацията/редакция Кети Илиева
Служител, извършил регистрацията/редакцията 30531
Номер на служител Цветелина Шанова
999 ## - СИСТЕМНИ КОНТРОЛНИ НОМЕРА
Koha biblionumber 501184
Koha biblioitemnumber 501184
999 ## - СИСТЕМНИ КОНТРОЛНИ НОМЕРА
Koha biblioitemnumber 501184
Наличности
Код за отписване Код за изгубен артикул Източник на класификационната схема Код за повреда Код за отдаване Артикулен № Име на библиотеката - собственик Име на библиотеката, в която се намира в момента Статус (Текущо местоположение) Дата на вписване в системата Местоположение - отдел Цена в лева Инвентарен номер Систематично азбучна сигнатура Баркод Цена в евро Служебен тип на артикула Коз за рестрикции
  Не е изгубен Universal Decimal Classification Не е повреден заемане за дома 939715 Регионална библиотека "Любен Каравелов" Русе Регионална библиотека "Любен Каравелов" Русе Заемна - подръчен фонд 2024-01-23 Заемна - подръчен фонд 13.24 120000898746 821-32/К 53 К 120000898746 6.77 Книги  
  Не е изгубен Universal Decimal Classification Не е повреден заемане за дома 939716 Регионална библиотека "Любен Каравелов" Русе Регионална библиотека "Любен Каравелов" Русе Заемна - подръчен фонд 2024-01-23 Заемна - подръчен фонд 13.24 120000898745 821-32/К 53 К 120000898745 6.77 Книги  
  Не е изгубен Universal Decimal Classification Не е повреден ползва се в читалня 943618 Регионална библиотека "Любен Каравелов" Русе Регионална библиотека "Любен Каравелов" Русе Хранилище 2024-06-07 Хранилище 18.90 120000908728 Цб 322970 120000908728 9.66 Книги само за читалня
Vip Innovations Ltd, Rousse, Bulgaria 2025